Biblioteca y Centro de Documentación

Le ralentissement des gains de productivité (Registro nro. 49585)

Detalles MARC
000 -CABECERA
Longitud fija campo de control 00979naa a2200253 c 4500
001 - NÚMERO DE CONTROL
Número de control 49585
003 - IDENTIFICADOR DE NÚMERO DE CONTROL
Identificador del número de control ES-MaCES
005 - FECHA Y HORA DE LA ÚLTIMA TRANSACCIÓN
Fecha y hora de la última transacción 20170628130601.0
008 - CAMPO FIJO DE DESCRIPCIÓN FIJA--INFORMACIÓN GENERAL
Códigos de información de longitud fija   170628s2017 fr ||||| t||||||| ||fre d
040 ## - FUENTE DE CATALOGACIÓN
Centro catalogador de origen ES-MaCES
Lengua de catalogación spa
Centro transcriptor ES-MaCES
Centro modificado ES-MaCES
100 1# - ENCABEZAMIENTO PRINCIPAL--NOMBRE PERSONAL
9 (RLIN) 14046
Nombre de persona Granrut, Charles du
245 13 - MENCIÓN DE TÍTULO
Título Le ralentissement des gains de productivité
Resto del título : la technologie au coeur des débats
Mención de responsabilidad, etc. Charles du Granrut
650 #4 - ASIENTO SECUNDARIO DE MATERIA--TÉRMINO DE MATERIA
9 (RLIN) 27094
Término de materia o nombre geográfico como elemento inicial crecimiento económico
650 #4 - ASIENTO SECUNDARIO DE MATERIA--TÉRMINO DE MATERIA
9 (RLIN) 28214
Término de materia o nombre geográfico como elemento inicial productividad del trabajo
650 #4 - ASIENTO SECUNDARIO DE MATERIA--TÉRMINO DE MATERIA
9 (RLIN) 27077
Término de materia o nombre geográfico como elemento inicial modelo de crecimiento
650 #4 - ASIENTO SECUNDARIO DE MATERIA--TÉRMINO DE MATERIA
9 (RLIN) 28299
Término de materia o nombre geográfico como elemento inicial empleo
650 #4 - ASIENTO SECUNDARIO DE MATERIA--TÉRMINO DE MATERIA
9 (RLIN) 28236
Término de materia o nombre geográfico como elemento inicial cambio tecnológico
650 #4 - ASIENTO SECUNDARIO DE MATERIA--TÉRMINO DE MATERIA
9 (RLIN) 30788
Término de materia o nombre geográfico como elemento inicial nuevas tecnologías
650 #4 - ASIENTO SECUNDARIO DE MATERIA--TÉRMINO DE MATERIA
9 (RLIN) 27082
Término de materia o nombre geográfico como elemento inicial consecuencias económicas
653 10 - TÉRMINO DE INDEXACIÓN--NO CONTROLADO
Término no controlado Economía
773 0# - ENTRADA DE DOCUMENTO FUENTE
Itemnumber del ítem fuente 85900
Lugar, editor y fecha de publicación Paris (Rue de Varenne, 55, 75341, Cedex 07) Futuribles
Otro identificador del documento 088798
Título Futuribles
Número de control del registro relacionado (ES-MaCES)25335
Parte(s) relacionada(s) nº 417 (mars-avril 2017) {10324 R. 088798} ;p. 61-78
902 ## - CES. TIPO DE DOCUMENTO
Tipodoc (006$c Sirtex) ART Artículo de revista
942 ## - ELEMENTOS KOHA
Fuente de clasificaión o esquema Clasificación propia del CES
Koha [por defecto] tipo de item Artículos (1982-2017)
Parte de clasificación Economía

No hay ítems disponibles.

© CES, Consejo Económico y Social de España 2021